Trồng cây trong trang trại chuối-ca cao
Nêu lợi ích, đặc tính, kỹ thuật trồng và chăm sóc cây chuối, ca cao, phòng trừ sâu bệnh, phương pháp sơ chế bảo quản cây chuối, ca cao.
Đã lưu trong:
| Hovedforfatter: | |
|---|---|
| Format: | Bog |
| Sprog: | Undetermined |
| Udgivet: |
Hà Nội
Lao động
2005
|
| Fag: | |
| Tags: |
Tilføj Tag
Ingen Tags, Vær først til at tagge denne postø!
|
| Thư viện lưu trữ: | Trung tâm Học liệu Trường Đại học Cần Thơ |
|---|
| LEADER | 00788nam a2200205Ia 4500 | ||
|---|---|---|---|
| 001 | CTU_97115 | ||
| 008 | 210402s9999 xx 000 0 und d | ||
| 020 | |c 10000 | ||
| 082 | |a 634.772 | ||
| 082 | |b T400 | ||
| 100 | |a Nguyễn, Văn Tó | ||
| 245 | 0 | |a Trồng cây trong trang trại chuối-ca cao | |
| 245 | 0 | |c Nguyễn Văn Tó, Phan Thị lài | |
| 260 | |a Hà Nội | ||
| 260 | |b Lao động | ||
| 260 | |c 2005 | ||
| 520 | |a Nêu lợi ích, đặc tính, kỹ thuật trồng và chăm sóc cây chuối, ca cao, phòng trừ sâu bệnh, phương pháp sơ chế bảo quản cây chuối, ca cao. | ||
| 650 | |a Bananas,Tropical fruit,Cocoa | ||
| 904 | |i Tuyến | ||
| 980 | |a Trung tâm Học liệu Trường Đại học Cần Thơ | ||